00328nam a2200097Ia 4500008004100000020001500041100002000056245009000076260005000166300001400216180219s9999 xx 000 0 und d a4990062515 aYokota, Takashi aSqualene treasure of the deep :bthe ultimate guide on the remarkable food supplement aTokyo, Japan :bYokota health institutec1997 a160 pages